Integrované hodnotenie prehrievania administratívnych budov : Dizertačná práca

Guardado en:
Detalles Bibliográficos
Autor principal: Hermanská, Beáta, 1969- (Autor)
Formato: Manuscrito Libro
Lenguaje:eslovaco
Publicado: Bratislava : STU v Bratislave, 2002
Etiquetas: Agregar Etiqueta
Sin Etiquetas, Sea el primero en etiquetar este registro!

MARC

LEADER 00000ntm a22000003a 4500
001 stu202413
005 20150617230052.8
008 100419s2002----xo------------------slo-d
040 |a STU  |b slo 
041 0 |a slo 
044 |a xo 
100 1 |a Hermanská, Beáta,  |d 1969-  |4 aut  |X 3777  |7 A000003777 
245 1 |a Integrované hodnotenie prehrievania administratívnych budov :  |b Dizertačná práca 
260 |a Bratislava :  |b STU v Bratislave,  |c 2002 
300 |a 123 s 
996 |b 284V033522  |c V*2574/DP-791  |l VVS  |s P  |a 0  |w stu202413_0001